000 00601nam a22002057a 4500
005 20160822151023.0
010 _aENG-115801
020 _a9788173719813
_c650.00
035 _aEN-99333
037 _bDBAD/PUB
082 _a531
100 _dVerma,Mahendra
245 _aIntroduction to mechanics /
_cby Mahendra Verma
250 _b2nd ed
260 _aHydrabad (Telangana)
_bUniversities Press
_c2016
270 _a3-6-747/1/A & 3-6-754/1,Himayatnagar
_bHyderabad
_e500029
300 _a608p. :
_bill
_c24cm(pbk)
500 _aIncludes index
942 _2ddc
_cEN
_h531
_mVER
999 _c102660
_d102660